[Event "Hamburg-ch"]
[Site "Hamburg"]
[Date "2016.05.17"]
[Round "4"]
[White "Rudolph, Jens Erik"]
[Black "Groeppel, Peter"]
[Result "1-0"]
[WhiteElo "1981"]
[BlackElo "1954"]
[PlyCount "55"]
[EventDate "2016.05.14"]
[EventType "swiss"]
[EventRounds "9"]
[EventCountry "GER"]
[SourceTitle "EXT 2018"]
[Source "ChessBase"]
[SourceDate "2017.10.13"]
[SourceVersion "1"]
[SourceVersionDate "2017.10.13"]
[SourceQuality "1"]

1. e4 c5 2. b4 cxb4 3. a3 b3 4. cxb3 Nf6 5. e5 Nd5 6. Bb2 Nc6 7. Nf3 e6 8. Nc3 Nb6 9. Be2 d5 10. d4 a6 11. 0-0 Be7 12. Rc1 Bd7 13. Bd3 Rc8 14. Bb1 g5 15. Ne2 f5 16. exf6 Bxf6 17. Ne5 Nxe5 18. dxe5 Rxc1 19. Nxc1 Bg7 20. Qh5+ Kf8 21. f4 Kg8 22. fxg5 Be8 23. Qg4 Qe7 24. Nd3 h5 25. gxh6 Rxh6 26. Rf6 Bh5 27. Qg3 Kh8 28. Qe3 1-0

[Event "Hamburg-ch"]
[Site "Hamburg"]
[Date "2016.05.14"]
[Round "1"]
[White "Groeppel, Peter"]
[Black "Baberz, Alexander"]
[Result "0-1"]
[WhiteElo "1954"]
[BlackElo "2057"]
[PlyCount "78"]
[EventDate "2016.05.14"]
[EventType "swiss"]
[EventRounds "9"]
[EventCountry "GER"]
[SourceTitle "EXT 2018"]
[Source "ChessBase"]
[SourceDate "2017.10.13"]
[SourceVersion "1"]
[SourceVersionDate "2017.10.13"]
[SourceQuality "1"]

1. d4 d5 2. c4 c6 3. Nf3 e6 4. Nc3 Nf6 5. Bg5 Be7 6. e3 Nbd7 7. Bd3 dxc4 8. Bxc4 b5 9. Bd3 Bb7 10. 0-0 a6 11. Qe2 c5 12. Bc2 c4 13. a3 Nd5 14. Bxe7 Qxe7 15. e4 Nf4 16. Qe3 Ng6 17. Rfd1 0-0 18. d5 e5 19. Ne2 Nh4 20. Ng3 Nxf3+ 21. Qxf3 g6 22. b3 Rac8 23. bxc4 Rxc4 24. Bb3 Rc5 25. d6 Qf6 26. Qe3 Qf4 27. Qe1 h5 28. f3 Rfc8 29. Nf1 Rc3 30. Rab1 h4 31. h3 g5 32. Qd2 Kg7 33. a4 b4 34. Bd5 Qxd2 35. Rxd2 Bxd5 36. Rxd5 b3 37. Rdd1 R8c4 38. Nd2 Rd4 39. Nf1 Rxa4 0-1

[Event "Hamburg St Pauli op-A"]
[Site "Hamburg"]
[Date "2015.07.19"]
[Round "3"]
[White "Duemmke, Juergen"]
[Black "Groeppel, Peter"]
[Result "1-0"]
[WhiteElo "2036"]
[BlackElo "1947"]
[PlyCount "35"]
[EventDate "2015.07.18"]
[EventType "swiss"]
[EventRounds "9"]
[EventCountry "GER"]
[SourceTitle "EXT 2016"]
[Source "ChessBase"]
[SourceDate "2015.10.08"]
[SourceVersion "1"]
[SourceVersionDate "2015.10.08"]
[SourceQuality "1"]

1. e4 c5 2. Nf3 Nc6 3. Bb5 e6 4. 0-0 Nge7 5. d4 cxd4 6. Nxd4 a6 7. Nxc6 bxc6 8. Ba4 f5 9. Nc3 Qc7 10. Be3 f4 11. Bc5 Ng6 12. Bxf8 Kxf8 13. Qd2 Qe5 14. Rad1 Ke7 15. Rfe1 Rf8 16. f3 Qc5+ 17. Kh1 Ne5 18. b4 1-0

[Event "Hamburg-ch MB"]
[Site "Hamburg"]
[Date "2015.05.31"]
[Round "9"]
[White "Von Elsner, Mathias"]
[Black "Groeppel, Peter"]
[Result "1-0"]
[WhiteElo "1744"]
[BlackElo "1964"]
[PlyCount "75"]
[EventDate "2015.05.23"]
[EventType "swiss"]
[EventRounds "9"]
[EventCountry "GER"]
[SourceTitle "EXT 2022"]
[Source "ChessBase"]
[SourceDate "2021.10.06"]
[SourceVersion "1"]
[SourceVersionDate "2021.10.06"]
[SourceQuality "1"]

1. e4 c5 2. c3 e6 3. d4 d5 4. e5 Nc6 5. Nf3 Bd7 6. a3 c4 7. Nbd2 f6 8. b3 cxb3 9. Nxb3 fxe5 10. dxe5 Nh6 11. Nbd4 Nf7 12. Nxc6 bxc6 13. Bd3 Qa5 14. Bd2 Qc7 15. Bf4 g5 16. Nxg5 Nxg5 17. Bxg5 Qxe5+ 18. Be3 Bd6 19. Qd2 0-0 20. g3 Bc5 21. 0-0 Bxe3 22. Qxe3 Qxe3 23. fxe3 Rxf1+ 24. Rxf1 Rb8 25. Bxh7+ Kxh7 26. Rf7+ Kg6 27. Rxd7 Rb3 28. Rxa7 Rxc3 29. Kf2 Rc2+ 30. Kf3 e5 31. h4 e4+ 32. Kg4 Rc3 33. Rc7 c5 34. Rc6+ Kh7 35. Kf4 c4 36. a4 Ra3 37. Ra6 Rd3 38. a5 1-0

[Event "Hamburg-ch MB"]
[Site "Hamburg"]
[Date "2015.05.30"]
[Round "8"]
[White "Groeppel, Peter"]
[Black "Ertelt, Alf"]
[Result "1-0"]
[WhiteElo "1964"]
[BlackElo "1815"]
[PlyCount "73"]
[EventDate "2015.05.23"]
[EventType "swiss"]
[EventRounds "9"]
[EventCountry "GER"]
[SourceTitle "EXT 2022"]
[Source "ChessBase"]
[SourceDate "2021.10.06"]
[SourceVersion "1"]
[SourceVersionDate "2021.10.06"]
[SourceQuality "1"]

1. d4 Nf6 2. c4 g6 3. Nc3 Bg7 4. e4 d6 5. h3 0-0 6. Nf3 e5 7. d5 Nbd7 8. Be3 a5 9. Nd2 Nh5 10. g3 f5 11. exf5 Nhf6 12. fxg6 hxg6 13. Qc2 e4 14. 0-0-0 Ne5 15. g4 Bd7 16. Ncxe4 Qe8 17. Nxf6+ Bxf6 18. Bg2 b5 19. c5 b4 20. Ne4 a4 21. c6 Bc8 22. Nxf6+ Rxf6 23. Rhe1 Qf7 24. Qe4 Ba6 25. Bf1 Nf3 26. Bxa6 Nxe1 27. Bb7 Re8 28. Qxb4 Nf3 29. Qxa4 Qh7 30. Qc2 Ne5 31. a4 Qxh3 32. a5 Qxg4 33. a6 Rff8 34. a7 Ra8 35. Bxa8 Rxa8 36. f4 Nf3 37. Rh1 1-0

[Event "Hamburg-chT Landesliga 1415"]
[Site "Hamburg"]
[Date "2015.04.18"]
[Round "8.8"]
[White "Speck, Jakob"]
[Black "Groeppel, Peter"]
[Result "0-1"]
[WhiteElo "1646"]
[BlackElo "1939"]
[PlyCount "78"]
[EventDate "2014.09.21"]
[EventType "team-tourn"]
[EventRounds "9"]
[EventCountry "GER"]
[SourceTitle "EXT 2022"]
[Source "ChessBase"]
[SourceDate "2021.10.06"]
[SourceVersion "1"]
[SourceVersionDate "2021.10.06"]
[SourceQuality "1"]
[WhiteTeam "Hamburg Weisse Dame"]
[BlackTeam "Hamburg Diogenes II"]
[WhiteTeamCountry "GER"]
[BlackTeamCountry "GER"]

1. e4 d5 2. exd5 Qxd5 3. Nc3 Qd6 4. d4 a6 5. Nf3 Bg4 6. g3 e6 7. Bg2 Nf6 8. Bf4 Qd8 9. 0-0 Bd6 10. Qd2 Bxf3 11. Bxf3 Bxf4 12. Qxf4 c6 13. Rfe1 0-0 14. Rad1 Nbd7 15. Ne4 Nxe4 16. Bxe4 Nf6 17. c3 Qa5 18. a3 Qb6 19. Rd2 Rad8 20. Red1 Rd7 21. Qe5 Rfd8 22. c4 Qb3 23. Rc1 h6 24. Rc3 Qb6 25. Rcd3 Ng4 26. Qf4 f5 27. d5 fxe4 28. Qxe4 Nf6 29. Qxe6+ Kh8 30. b4 Re8 31. Qf5 cxd5 32. cxd5 Qd6 33. Qf3 Re5 34. h4 Rxd5 35. Rxd5 Nxd5 36. Qf5 g6 37. Qf3 Kg7 38. h5 Qe6 39. hxg6 Qe1+ 0-1

[Event "GER-chT Betriebe 14th"]
[Site "Dresden"]
[Date "2014.11.21"]
[Round "4.4"]
[White "Bohnhoff, Peter"]
[Black "Groeppel, Peter"]
[Result "1-0"]
[WhiteElo "2060"]
[BlackElo "1910"]
[PlyCount "123"]
[EventDate "2014.11.20"]
[EventType "team-swiss"]
[EventRounds "7"]
[EventCountry "GER"]
[SourceTitle "EXT 2020"]
[Source "ChessBase"]
[SourceDate "2019.10.17"]
[SourceVersion "1"]
[SourceVersionDate "2019.10.17"]
[SourceQuality "1"]
[WhiteTeam "Muenchen EPA"]
[BlackTeam "Hamburg Baubehoerde"]
[WhiteTeamCountry "GER"]
[BlackTeamCountry "GER"]

1. Nf3 Nf6 2. d4 d5 3. e3 e6 4. Bd3 Be7 5. 0-0 Nbd7 6. b3 0-0 7. Bb2 a5 8. a3 c5 9. a4 b6 10. Qe2 Bb7 11. Nc3 Rc8 12. Nb5 Ne4 13. Rfd1 Ndf6 14. Ne5 cxd4 15. exd4 Nd6 16. f3 Nxb5 17. Bxb5 Rc7 18. Rac1 Bb4 19. c3 Bd6 20. Qd2 Qe7 21. c4 Rfc8 22. Nd3 Bb4 23. Bc3 Bxc3 24. Rxc3 dxc4 25. bxc4 Qd6 26. Ne5 Nd5 27. Rcc1 Nb4 28. Qe3 h6 29. h3 Qe7 30. Nd3 Nxd3 31. Rxd3 Qf6 32. Rcd1 Bc6 33. d5 Bxb5 34. cxb5 exd5 35. Rxd5 Re7 36. Qd4 Qg6 37. Rd6 Re6 38. Qxb6 Rc2 39. Qd8+ Kh7 40. R1d2 Rc1+ 41. Kf2 Rxd6 42. Qxd6 f6 43. Qd3 f5 44. Qd6 Qg5 45. Re2 Qh4+ 46. Ke3 Rc8 47. Qd7 Rc3+ 48. Kd2 Rc5 49. b6 Qb4+ 50. Ke3 Re5+ 51. Kf2 Qxb6+ 52. Kf1 Rc5 53. Re7 Rc1+ 54. Re1 Rxe1+ 55. Kxe1 Qg1+ 56. Ke2 Qxg2+ 57. Ke3 Qxh3 58. Qb5 Qh5 59. Kf2 Qh2+ 60. Ke3 Qg1+ 61. Ke2 Qh2+ 62. Ke3 1-0

[Event "Hamburg St Pauli op-A"]
[Site "Hamburg"]
[Date "2011.07.17"]
[Round "9"]
[White "Hinrichs, Lars"]
[Black "Groeppel, Peter"]
[Result "0-1"]
[WhiteElo "1894"]
[BlackElo "2051"]
[PlyCount "88"]
[EventDate "2011.07.09"]
[EventType "swiss"]
[EventRounds "9"]
[EventCountry "GER"]
[SourceTitle "CBM 143 Extra"]
[Source "ChessBase"]
[SourceDate "2011.08.29"]
[SourceVersion "1"]
[SourceVersionDate "2011.08.29"]
[SourceQuality "1"]

1. e4 c5 2. Nf3 Nc6 3. d4 cxd4 4. Nxd4 e6 5. Nc3 Qc7 6. Be3 a6 7. Be2 Nf6 8. Qd2 Be7 9. 0-0-0 0-0 10. g4 d5 11. exd5 Nxd5 12. Nxd5 exd5 13. Nf5 Bxf5 14. gxf5 Rad8 15. Rhg1 Bf6 16. Bg5 Qe5 17. Bxf6 Qxf6 18. Rg5 Kh8 19. Rdg1 Rg8 20. R1g4 Qh6 21. Rg3 f6 22. Rh5 Qxd2+ 23. Kxd2 h6 24. Rh4 Rge8 25. Bh5 Re5 26. Bg6 Kg8 27. Rb3 Rd7 28. Re3 Rde7 29. c3 Kf8 30. Rf4 Rxe3 31. fxe3 Re4 32. Kd3 Ne5+ 33. Ke2 Ke7 34. Bh5 Nc4 35. Rxe4+ dxe4 36. b3 Na5 37. Kf2 Kd6 38. Kg3 Ke5 39. Kg4 Nc6 40. Be8 Ne7 41. Bd7 Nd5 42. Bc8 Nxe3+ 43. Kg3 Nxf5+ 44. Kf2 Nd6 0-1

[Event "Hamburg St Pauli op-A"]
[Site "Hamburg"]
[Date "2011.07.14"]
[Round "7"]
[White "Seehagen, Jan"]
[Black "Groeppel, Peter"]
[Result "1-0"]
[WhiteElo "1900"]
[BlackElo "2051"]
[PlyCount "55"]
[EventDate "2011.07.09"]
[EventType "swiss"]
[EventRounds "9"]
[EventCountry "GER"]
[SourceTitle "CBM 143 Extra"]
[Source "ChessBase"]
[SourceDate "2011.08.29"]
[SourceVersion "1"]
[SourceVersionDate "2011.08.29"]
[SourceQuality "1"]

1. e4 c5 2. Nf3 Nc6 3. d4 cxd4 4. Nxd4 e6 5. Be3 Qc7 6. a3 Nxd4 7. Bxd4 Ne7 8. b3 Nc6 9. Bb2 a6 10. c4 Qa5+ 11. Bc3 Qg5 12. Nd2 b5 13. g3 b4 14. axb4 Bxb4 15. Qc2 0-0 16. Bg2 Qg6 17. Qb2 d5 18. exd5 exd5 19. 0-0 Bxc3 20. Qxc3 d4 21. Qb2 Bb7 22. b4 Qf6 23. Ne4 Qd8 24. Nc5 Qc7 25. b5 axb5 26. cxb5 Nd8 27. Nxb7 Nxb7 28. Qxd4 1-0

[Event "Bargteheide op"]
[Site "Bargteheide"]
[Date "2011.06.02"]
[Round "1"]
[White "Groeppel, Peter"]
[Black "Lindinger, Markus"]
[Result "0-1"]
[WhiteElo "2051"]
[BlackElo "2303"]
[PlyCount "64"]
[EventDate "2011.06.02"]
[EventType "swiss"]
[EventRounds "7"]
[EventCountry "GER"]
[SourceTitle "CBM 142 Extra"]
[Source "ChessBase"]
[SourceDate "2011.06.27"]
[SourceVersion "1"]
[SourceVersionDate "2011.06.27"]
[SourceQuality "1"]

1. d4 g6 2. Nf3 Bg7 3. c4 d6 4. h3 f5 5. Nc3 Nf6 6. g4 fxg4 7. hxg4 Bxg4 8. Ng5 h6 9. f3 Bf5 10. Nh3 e5 11. e4 Bc8 12. d5 Nh5 13. Nf2 Ng3 14. Rh2 Nxf1 15. Kxf1 0-0 16. Be3 Qf6 17. Bxh6 Bxh6 18. Rxh6 Kg7 19. Rh2 Qxf3 20. Qxf3 Rxf3 21. Kg2 Rf7 22. Rah1 Kf6 23. Rh8 Nd7 24. Nb5 Nf8 25. Nxc7 Rxc7 26. Rxf8+ Kg7 27. Rhh8 Bh3+ 28. Rxh3 Rxf8 29. Ra3 Rxc4 30. Kg3 a6 31. Rb3 b5 32. Ra3 Ra4 0-1

[Event "Hamburg-ch MB"]
[Site "Hamburg"]
[Date "2010.05.25"]
[Round "4.4"]
[White "Gupta, Arijit"]
[Black "Groeppel, Peter"]
[Result "1-0"]
[WhiteElo "1939"]
[BlackElo "1920"]
[PlyCount "63"]
[EventDate "2010.05.22"]
[EventType "swiss"]
[EventRounds "9"]
[EventCountry "GER"]
[SourceTitle "EXT 2011"]
[Source "ChessBase"]
[SourceDate "2010.11.26"]
[SourceVersion "1"]
[SourceVersionDate "2010.11.26"]
[SourceQuality "1"]

1. e4 d5 2. exd5 Qxd5 3. Nc3 Qd6 4. d4 a6 5. Nf3 Bg4 6. Bc4 e6 7. h3 Bxf3 8. Qxf3 c6 9. Be3 Nf6 10. 0-0-0 Be7 11. Rhe1 0-0 12. Bf4 Qd8 13. g4 Nbd7 14. Bd3 Nd5 15. Nxd5 cxd5 16. Qg3 Bg5 17. Bxg5 Qxg5+ 18. f4 Qd8 19. g5 Re8 20. h4 b5 21. h5 Qc7 22. Rg1 Nf8 23. Rde1 Rab8 24. Re5 a5 25. g6 fxg6 26. hxg6 h6 27. Qe3 Red8 28. f5 exf5 29. Bxf5 b4 30. Re7 Qd6 31. Rh1 Nxg6 32. Re6 1-0

[Event "Hamburg-ch MB"]
[Site "Hamburg"]
[Date "2010.05.24"]
[Round "3.3"]
[White "Groeppel, Peter"]
[Black "Moser, Till"]
[Result "1/2-1/2"]
[WhiteElo "1920"]
[BlackElo "2022"]
[PlyCount "43"]
[EventDate "2010.05.22"]
[EventType "swiss"]
[EventRounds "9"]
[EventCountry "GER"]
[SourceTitle "EXT 2011"]
[Source "ChessBase"]
[SourceDate "2010.11.26"]
[SourceVersion "1"]
[SourceVersionDate "2010.11.26"]
[SourceQuality "1"]

1. d4 Nf6 2. c4 e6 3. Nf3 b6 4. Bg5 h6 5. Bh4 Bb4+ 6. Nc3 Bb7 7. e3 c5 8. a3 Bxc3+ 9. bxc3 0-0 10. Bd3 d6 11. 0-0 Nbd7 12. Bg3 Qe7 13. a4 e5 14. Nd2 a5 15. d5 g6 16. f3 Nh5 17. Bf2 f5 18. Rb1 Kf7 19. g4 Ng7 20. h4 Ke8 21. Kg2 Kd8 22. e4 1/2-1/2

[Event "Hamburg-ch MB"]
[Site "Hamburg"]
[Date "2010.05.22"]
[Round "1.4"]
[White "Juergens, Bernhard"]
[Black "Groeppel, Peter"]
[Result "1/2-1/2"]
[WhiteElo "2087"]
[BlackElo "2056"]
[PlyCount "106"]
[EventDate "2010.05.22"]
[EventType "swiss"]
[EventRounds "9"]
[EventCountry "GER"]
[SourceTitle "EXT 2011"]
[Source "ChessBase"]
[SourceDate "2010.11.26"]
[SourceVersion "1"]
[SourceVersionDate "2010.11.26"]
[SourceQuality "1"]

1. e4 d5 2. d3 a6 3. Nc3 c6 4. Nf3 Bg4 5. h3 Bxf3 6. Qxf3 e6 7. g3 Nd7 8. Bg2 Bd6 9. 0-0 Ngf6 10. Qe2 dxe4 11. Nxe4 Nxe4 12. Qxe4 Nf6 13. Qa4 0-0 14. Bg5 Be7 15. Rad1 h6 16. Bd2 Qd7 17. c4 Bc5 18. Bb4 Qd6 19. Bxc5 Qxc5 20. d4 Qd6 21. Qb3 Rab8 22. Rd2 Rfd8 23. Qb6 Rd7 24. Rfd1 Rbd8 25. Qa5 Qb8 26. Qb6 e5 27. d5 cxd5 28. Bxd5 e4 29. Kg2 Re8 30. Qe3 Qe5 31. b3 g5 32. f3 exf3+ 33. Qxf3 Ree7 34. Rf2 Kg7 35. Rdd2 Nxd5 36. cxd5 Qe4 37. d6 Qxf3+ 38. Rxf3 Re6 39. Rfd3 f5 40. Kf3 Kf6 41. b4 Re5 42. Rc2 Ke6 43. Rcd2 Rb5 44. Re2+ Re5 45. Red2 Kf6 46. Rc2 h5 47. a3 Re4 48. Rc8 g4+ 49. hxg4 hxg4+ 50. Kf2 Re6 51. Rf8+ Kg6 52. Rg8+ Kf7 53. Rb8 Kg6 1/2-1/2

[Event "GER-chT Betriebe"]
[Site "Berlin"]
[Date "2006.10.07"]
[Round "6.4"]
[White "Koerlin, Hans Juergen"]
[Black "Groeppel, Peter"]
[Result "0-1"]
[WhiteElo "1789"]
[BlackElo "2137"]
[PlyCount "54"]
[EventDate "2006.10.05"]
[EventType "team-tourn"]
[EventRounds "7"]
[EventCountry "GER"]
[SourceTitle "EXT 2020"]
[Source "ChessBase"]
[SourceDate "2019.10.17"]
[SourceVersion "1"]
[SourceVersionDate "2019.10.17"]
[SourceQuality "1"]
[WhiteTeam "BA Tempelhof"]
[BlackTeam "Hamburg Baubehoerde"]
[WhiteTeamCountry "GER"]
[BlackTeamCountry "GER"]

1. e4 c6 2. d4 d5 3. e5 Bf5 4. Nc3 e6 5. g4 Bg6 6. Nge2 f6 7. f4 fxe5 8. fxe5 Qh4+ 9. Ng3 Nh6 10. Be2 Bb4 11. 0-0 Nd7 12. Be3 Rf8 13. Rxf8+ Kxf8 14. Bf2 Qe7 15. Nb1 c5 16. c3 Ba5 17. Qa4 Bb6 18. Nd2 Kg8 19. h4 Rf8 20. h5 Be8 21. Qc2 cxd4 22. cxd4 Nxe5 23. Rf1 Nexg4 24. Bxg4 Nxg4 25. Nb3 Qh4 26. Be1 Rxf1+ 27. Nxf1 Qxe1 0-1

[Event "Hamburg Junge op"]
[Site "Hamburg"]
[Date "2005.10.06"]
[Round "6"]
[White "Groeppel, Peter"]
[Black "Helmbold, Irene"]
[Result "1/2-1/2"]
[WhiteElo "2173"]
[BlackElo "1992"]
[PlyCount "77"]
[EventDate "2005.10.01"]
[EventType "swiss"]
[EventRounds "9"]
[EventCountry "GER"]
[SourceTitle "CBM 108 Extra"]
[Source "ChessBase"]
[SourceDate "2005.11.04"]
[SourceVersion "1"]
[SourceVersionDate "2005.11.04"]
[SourceQuality "1"]

1. e4 c5 2. Nf3 e6 3. b3 d6 4. Bb5+ Nd7 5. c4 a6 6. Bxd7+ Qxd7 7. d4 cxd4 8. Qxd4 Nf6 9. Bb2 Qc7 10. Nc3 Bd7 11. Rc1 Be7 12. 0-0 0-0 13. Rfd1 Rfd8 14. Qd3 Rac8 15. Nd4 Qb8 16. f3 Ne8 17. Kh1 Nc7 18. Nde2 b5 19. cxb5 axb5 20. b4 Be8 21. a3 d5 22. Qe3 dxe4 23. Rxd8 Rxd8 24. Nxe4 Nd5 25. Qb3 Nb6 26. Qc3 f6 27. Nc5 Bxc5 28. bxc5 Nc4 29. Nd4 e5 30. Nb3 Bf7 31. Na5 Qa8 32. Nxc4 Bxc4 33. h4 Rd3 34. Qe1 Qd5 35. a4 Rb3 36. axb5 Rxb2 37. Qc3 Rxb5 38. Qxc4 Qxc4 39. Rxc4 1/2-1/2

[Event "Dresden ZMD op"]
[Site "Dresden"]
[Date "2005.07.31"]
[Round "9"]
[White "Klaric, Zoran"]
[Black "Groeppel, Peter"]
[Result "1-0"]
[WhiteElo "2080"]
[BlackElo "2185"]
[PlyCount "119"]
[EventDate "2005.07.23"]
[EventType "swiss"]
[EventRounds "9"]
[EventCountry "GER"]
[SourceTitle "EXT 2006"]
[Source "ChessBase"]
[SourceDate "2005.11.24"]
[SourceVersion "1"]
[SourceVersionDate "2005.11.24"]
[SourceQuality "1"]

1. d4 d5 2. c4 c6 3. Nf3 Nf6 4. Nc3 a6 5. e3 g6 6. Be2 Bg7 7. 0-0 0-0 8. Ne5 Nfd7 9. Nxd7 Qxd7 10. cxd5 cxd5 11. f4 Nc6 12. Bf3 e6 13. Bd2 b5 14. a4 b4 15. Na2 a5 16. Nc1 Ba6 17. Nb3 Bxf1 18. Qxf1 Ne7 19. Nc5 Qa7 20. Qd3 Rfc8 21. Rc1 Rc7 22. Nb3 Rac8 23. Rxc7 Qxc7 24. Nc5 Nf5 25. Kf1 Bf8 26. Nb3 Qc4 27. Be2 Qxd3 28. Bxd3 Ra8 29. Bxf5 gxf5 30. Ke2 Bd6 31. Kd3 f6 32. Be1 Kf7 33. Bg3 h5 34. Kd2 Rg8 35. Kc1 h4 36. Bxh4 Rxg2 37. Bg3 Re2 38. Nxa5 Rxe3 39. Nb7 Bb8 40. a5 Ke8 41. a6 Kd7 42. Kd2 Rf3 43. Ke2 Rxg3 44. hxg3 Kc6 45. Nd8+ Kd7 46. Nf7 Ba7 47. Kd3 Ke7 48. Nh8 Kf8 49. Ng6+ Kf7 50. Nh4 Ke8 51. Ng2 Kd7 52. Ne3 Kc6 53. g4 fxg4 54. Nxg4 Kb5 55. Nxf6 Ka4 56. Nxd5 Kb3 57. Ne7 Kxb2 58. Nc6 b3 59. Nxa7 Kc1 60. Nb5 1-0

[Event "GER Amteur-ch 3rd"]
[Site "Bruehl"]
[Date "2003.10.05"]
[Round "5"]
[White "Groeppel, Peter"]
[Black "Cmiel, Thorsten"]
[Result "0-1"]
[WhiteElo "2149"]
[BlackElo "2286"]
[PlyCount "33"]
[EventDate "2003.10.01"]
[EventType "swiss"]
[EventRounds "5"]
[EventCountry "GER"]
[SourceTitle "EXT 2006"]
[Source "ChessBase"]
[SourceDate "2005.11.24"]
[SourceVersion "1"]
[SourceVersionDate "2005.11.24"]
[SourceQuality "1"]

1. d4 Nf6 2. Nc3 c5 3. d5 g6 4. e4 d6 5. Bg5 Bg7 6. f4 Qb6 7. Rb1 0-0 8. Bc4 Qb4 9. Qe2 b5 10. Bb3 Nxe4 11. a3 Bxc3+ 12. bxc3 Qxc3+ 13. Kd1 Bg4 14. Nf3 Bxf3 15. gxf3 Nxg5 16. fxg5 c4 17. Ba2 0-1